Bez cheremukhi : povestʹ, rasskazy /

Bibliographic Details
Main Author: Romanov, Panteleĭmon, 1884-1938
Other Authors: Nikonenko, St
Format: Book
Language:Russian
Published: Moskva : Pravda, 1990.

MARC

Tag First Indicator Second Indicator Subfields
LEADER 00000cam a2200000 a 4500
001 in00002012194
005 20151031153902.0
008 890804s1990 ru a 000 1 rusod
010 |a  2003454863 
020 |a 5253000011 
035 |a (OCoLC)ocm26448694 
040 |a HLS  |c HLS  |d DLC  |d TXA  |d UtOrBLW 
042 |a lccopycat 
049 |a TXAM 
050 0 0 |a PG3476.R7  |b B49 1990 
100 1 |a Romanov, Panteleĭmon,  |d 1884-1938. 
245 1 0 |a Bez cheremukhi :  |b povestʹ, rasskazy /  |c Panteleĭmon Romanov ; [sostavlenie, predislovie i primechanii︠a︡ S.S. Nikonenko]. 
264 1 |a Moskva :  |b Pravda,  |c 1990. 
300 |a 460 pages :  |b illustrations ;  |c 21 cm. 
336 |a text  |b txt  |2 rdacontent 
337 |a unmediated  |b n  |2 rdamedia 
338 |a volume  |b nc  |2 rdacarrier 
504 |a Includes bibliographical references. 
505 2 |a Detstvo -- Rasskazy. 
700 1 |a Nikonenko, St. 
700 1 2 |a Romanov, Panteleĭmon,  |d 1884-1938.  |t Detstvo. 
740 0 |a Detstvo. 
948 |a cataloged  |b h  |c 2004/12/17  |d c  |e spoltoratski  |f 10:46:27 am 
994 |a E0  |b TXA 
999 |a MARS 
999 f f |s 0d3a1ef5-404e-3e47-83c9-ac2445186c98  |i bf449136-4c0d-3403-8861-a7e7c630d2cc  |t 0 
952 f f |p ric  |a Texas A&M University  |b Rellis Campus  |c Joint Library Facility  |s JLF  |d Remote Storage  |t 0  |e PG3476.R7 B49 1990  |h Library of Congress classification  |i unmediated -- volume  |m A14831593025 
998 f f |a PG3476.R7 B49 1990  |t 0  |l Remote Storage